000
00272nam a22001097a 4500
082
_a
621.381 RAD'G
100
_a
GERSBACK
_9
77066
245
_a
RADIO ELECTRONICS THE MAGAZINE FOR NEW IDEAS IN ELECTRONICS
260
_a
USA
_b
GERNSBACK
_c
1978
300
_a
110P
942
_c
BK
999
_c
582391
_d
582391